Phoenix Central Library / (Record no. 26933)
[ view plain ]
| 000 -LEADER | |
|---|---|
| fixed length control field | 01356cam a2200313 a 4500 |
| 001 - CONTROL NUMBER | |
| control field | vtls002610560 |
| 003 - CONTROL NUMBER IDENTIFIER | |
| control field | MY-SjTCS |
| 005 - DATE AND TIME OF LATEST TRANSACTION | |
| control field | 20200306154258.0 |
| 008 - FIXED-LENGTH DATA ELEMENTS--GENERAL INFORMATION | |
| fixed length control field | 110218s1999 mauae 00 0 eng |
| 020 ## - INTERNATIONAL STANDARD BOOK NUMBER | |
| International Standard Book Number | 1564965252 |
| 039 #9 - LEVEL OF BIBLIOGRAPHIC CONTROL AND CODING DETAIL [OBSOLETE] | |
| Level of rules in bibliographic description | 201404251604 |
| Level of effort used to assign nonsubject heading access points | pushpa |
| Level of effort used to assign subject headings | 201102181538 |
| Level of effort used to assign classification | VLOAD |
| Level of effort used to assign subject headings | 200811241758 |
| Level of effort used to assign classification | VLOAD |
| -- | 200407271946 |
| -- | VLOAD |
| 043 ## - GEOGRAPHIC AREA CODE | |
| Geographic area code | n-us-az |
| 082 04 - DEWEY DECIMAL CLASSIFICATION NUMBER | |
| Classification number | 727.80979173 |
| Item number | PHO |
| 245 00 - TITLE STATEMENT | |
| Title | Phoenix Central Library / |
| Statement of responsibility, etc. | BruderDWLarchitects ; edited by Oscar Riera Ojeda ; introduction by Nader Tehrani |
| 260 ## - PUBLICATION, DISTRIBUTION, ETC. | |
| Place of publication, distribution, etc. | Gloucester, Mass. : |
| Name of publisher, distributor, etc. | Rockport Publishers, |
| Date of publication, distribution, etc. | c1999 |
| 300 ## - PHYSICAL DESCRIPTION | |
| Extent | 116 p. : |
| Other physical details | ill. (chiefly col.), plans ; |
| Dimensions | 26 cm. |
| 440 #0 - SERIES STATEMENT/ADDED ENTRY--TITLE | |
| Title | Single building series. |
| Name of part/section of a work | Process of an architectural work. |
| 9 (RLIN) | 209539 |
| 610 20 - SUBJECT ADDED ENTRY--CORPORATE NAME | |
| Corporate name or jurisdiction name as entry element | Phoenix Public Library. |
| 9 (RLIN) | 209541 |
| 610 20 - SUBJECT ADDED ENTRY--CORPORATE NAME | |
| Corporate name or jurisdiction name as entry element | Phoenix Central Library |
| General subdivision | Buildings. |
| 9 (RLIN) | 209542 |
| 650 #0 - SUBJECT ADDED ENTRY--TOPICAL TERM | |
| Topical term or geographic name entry element | Architecture |
| Geographic subdivision | Arizona |
| -- | Phoenix |
| Chronological subdivision | 20th century. |
| 9 (RLIN) | 209543 |
| 650 #0 - SUBJECT ADDED ENTRY--TOPICAL TERM | |
| Topical term or geographic name entry element | Library architecture |
| Geographic subdivision | Arizona |
| -- | Phoenix |
| General subdivision | Design and construction. |
| 9 (RLIN) | 209544 |
| 650 #0 - SUBJECT ADDED ENTRY--TOPICAL TERM | |
| Topical term or geographic name entry element | Library architecture |
| Geographic subdivision | Phoenix |
| -- | Arizona. |
| 9 (RLIN) | 209545 |
| 650 #0 - SUBJECT ADDED ENTRY--TOPICAL TERM | |
| Topical term or geographic name entry element | Library buildings |
| Geographic subdivision | Arizona |
| -- | Phoenix |
| Form subdivision | Designs and plans. |
| 9 (RLIN) | 209546 |
| 651 #0 - SUBJECT ADDED ENTRY--GEOGRAPHIC NAME | |
| Geographic name | Phoenix (Ariz.) |
| General subdivision | Buildings, structures, etc. |
| 9 (RLIN) | 209547 |
| 700 1# - ADDED ENTRY--PERSONAL NAME | |
| Personal name | Riera Ojeda, Oscar. |
| Relator term | (ed.) |
| 9 (RLIN) | 15136 |
| 700 1# - ADDED ENTRY--PERSONAL NAME | |
| Personal name | Tehrani, Nader. |
| 9 (RLIN) | 209548 |
| 710 2# - ADDED ENTRY--CORPORATE NAME | |
| Corporate name or jurisdiction name as entry element | BruderDWLarchitects (Firm) |
| 9 (RLIN) | 209549 |
| 920 ## - Programme | |
| Programme | SABD : 523049 |
| Withdrawn status | Lost status | Source of classification or shelving scheme | Damaged status | Not for loan | Home library | Current library | Date acquired | Total Checkouts | Barcode | Date last seen | Date last checked out | Copy number | Uniform Resource Identifier | Koha item type | Public note |
|---|---|---|---|---|---|---|---|---|---|---|---|---|---|---|---|
| Dewey Decimal Classification | Taylor's Library-TU | Taylor's Library-TU | 27/07/2004 | 18 | 5000163712 | 05/12/2019 | 07/06/2018 | 1 | Floor 4, Shelf 31 , Side 1, TierNo 2, BayNo 7 | Main Collection | SABDx,23003,02,GR |